000 01978nam a22003617i 4500
003 URS
005 20240815185523.0
008 161010b xxu||||| |||| 00| 0 eng d
020 _a9780073048499 (alk. paper)
020 _a0073048496 (alk. paper)
040 _erda
_cURS
_bEnglish
050 0 0 _aKF1600
_b.L41 2008
245 0 4 _aThe Legal and regulatory environment of business /
_cO. Lee Reed...[and three others].
246 3 _aLegal & regulatory environment of business
250 _a14th ed.
264 1 _aNew York :
_bMcGraw-Hill/Irwin,
_c©2008.
300 _axl, 664 pages :
_billustrations, (some colour) ;
_c27 cm.
336 _atext
_btxt
_2rdacontent
337 _aunmediated
_bn
_2rdamedia
338 _avolume
_bnc
_2rdacarrier
500 _aIncludes index.
505 0 _aLaw as the foundation of business -- The ethical basis of law and business management -- The court system -- The litigation process -- Alternative dispute resolution systems -- The constitution and business -- The property system -- Principles of contract law -- Torts in the business environment -- The criminal law and business -- Corporate governance and business organizations -- Corporate governance and the regulatory process -- Antitrust laws?: regulating competition -- Employment and labor laws -- Discrimination in employment -- Securities regulations -- Environmental laws and pollution control -- International law.
650 0 _aTrade regulation
_zUnited States.
650 0 _aCommercial law
_zUnited States.
650 0 _aIndustrial laws and legislation
_zUnited States.
700 _aReed, O. Lee
_q(Omer Lee)
_eauthor.
700 _aShedd, Peter J.
_eauthor.
700 _aMorehead, Jere W.
_eauthor.
700 _aPagnattaro, Marisa Anne.
_eauthor.
856 4 1 _3Table of contents only
_uhttp://www.loc.gov/catdir/toc/ecip0614/2006017457.html
856 4 2 _3Publisher description
_uhttp://www.loc.gov/catdir/enhancements/fy0665/2006017457-d.html
942 _2lcc
_cFR
999 _c10810
_d10810